[Event "34th Chess Olympiad (men)"]
[Site "Istanbul"]
[Date "2000.11.10"]
[Round "13.17.3"]
[White "Kazhgaleyev, Murtas"]
[Black "Kovalev, Andrei"]
[WhiteElo "2526"]
[BlackElo "2537"]
[WhiteCountry "KAZ"]
[BlackCountry "BLR"]
[Result "1/2-1/2"]

1. d4 Nf6 2. c4 g6 3. Nc3 Bg7 4. e4 d6 5. f4 O-O 6. Nf3 c5 7. dxc5 dxc5 
8. Qxd8 Rxd8 9. e5 Ne8 10. Be3 b6 11. Nd5 Nc6 12. O-O-O Bb7 13. Bd3 e6 
14. Nc3 Nd4 15. Bxd4 Bxf3 16. gxf3 Rxd4 17. Ne2 Rd7 18. Be4 Rad8 19. Rxd7 Rxd7 
20. Bc6 Rd8 21. Bxe8 Rxe8 22. Rd1 f6 23. exf6 Bxf6 24. Rd7 Re7 25. Rd6 Bg7 
26. Kc2 e5 27. Rd8+ Kf7 28. h3 Bf6 29. Ra8 Rd7 30. a3 Ke6 31. b4 cxb4 
32. axb4 Be7 33. Kc3 Kf5 34. fxe5 Kxe5 35. Re8 Kf5 36. Nd4+ Kg5 37. Ne6+ Kf6 
38. Nf4 Kf7 39. Ra8 Bf6+ 40. Kb3 Be5 41. Nd5 b5 42. f4 Bg7 43. Rb8 bxc4+ 
44. Kxc4 Ke6 45. Re8+ Kf7 46. Rb8 Ke6 47. Re8+ Kf7 48. Re2 Bf8 49. b5 Rd8 
50. Ra2 Rc8+ 51. Kd3 Ke6 52. Ne3 Bc5 53. Ra6+ Bb6 54. Nc4 Rd8+ 55. Kc3 Rb8 
56. Nxb6 axb6 57. Kd4 h5 58. Ra7 Rf8 59. Ke4 Rf5 60. Rc7 Rxb5 61. Rc6+ Kf7 
62. h4 Rb4+ 63. Ke5 Rb5+ 64. Ke4 Kg7 65. Rc7+ Kh6 66. Rc6 Rb4+ 67. Ke5 Rb1 
68. Rc8 Rb5+ 69. Ke4 Rc5 70. Rb8 Rb5 71. Rc8 Rc5 72. Rb8 b5 73. Kd4 Rc1 
74. Ke5 Rc5+ 75. Kd4 Rc4+ 76. Ke5 b4 77. Rb7 Rc5+ 78. Ke6 Rc4 79. Ke5 Rc5+ 
80. Ke6 Rc4 
1/2-1/2

[Event "34th Chess Olympiad (men)"]
[Site "Istanbul"]
[Date "2000.11.10"]
[Round "13.17.4"]
[White "Dydyshko, Viacheslav"]
[Black "Kostenko, Petr"]
[WhiteElo "2525"]
[BlackElo "2466"]
[WhiteCountry "BLR"]
[BlackCountry "KAZ"]
[Result "1/2-1/2"]

1. d4 e6 2. c4 c5 3. d5 exd5 4. cxd5 d6 5. Nc3 g6 6. Nf3 Bg7 7. g3 Nh6 
8. Bg2 O-O 9. O-O Nf5 10. Bg5 Qb6 11. Rb1 Re8 12. Bf4 Nd7 13. Nd2 Ne5 
14. Bxe5 dxe5 15. Qa4 Qd8 16. e3 Bd7 17. Qb3 b5 18. a4 c4 19. Qc2 a6 
20. Nce4 Rc8 21. axb5 axb5 22. b4 Qb6 23. Ra1 Nd6 24. Nc3 f5 25. Ra2 Ra8 
26. Rfa1 Rxa2 27. Qxa2 e4 28. Ndb1 Rb8 29. Qa7 Qxa7 30. Rxa7 Be8 31. f3 exf3 
32. Bxf3 Bf8 33. Na2 Nf7 34. Na3 Ne5 35. Bg2 Bh6 36. Nc2 Ng4 37. Ra3 Bf7 
38. h3 Nf6 39. Nc3 Rd8 40. Ra1 Bg7 41. Rd1 Nh5 42. Nd4 Nxg3 43. Kf2 Nh5 
44. Ncxb5 Rb8 45. d6 Nf6 46. Ra1 Bf8 47. Ra7 Be8 48. Bb7 Bd7 49. Ke2 g5 
50. Bd5+ Nxd5 51. Rxd7 c3 52. Kd3 Rc8 53. Nc2 g4 54. Ra7 gxh3 55. Ra1 Rd8 
56. Rh1 Bxd6 57. Nxd6 Rxd6 58. Kc4 Nf6 59. Rxh3 Ne4 60. Nd4 Rd8 61. Rh2 Rc8+ 
62. Kd3 Nd6 63. Rc2 Kf7 64. Rxc3 Rxc3+ 65. Kxc3 Kf6 66. Nf3 f4 67. Kd3 Kf5 
68. Ke2 h5 69. exf4 Kxf4 70. Kf2 
1/2-1/2

[Event "34th Chess Olympiad (men)"]
[Site "Istanbul"]
[Date "2000.11.10"]
[Round "13.18.1"]
[White "Fernandes, Antonio"]
[Black "Kozul, Zdenko"]
[WhiteElo "2438"]
[BlackElo "2611"]
[WhiteCountry "POR"]
[BlackCountry "CRO"]
[Result "1/2-1/2"]

1. d4 Nf6 2. c4 g6 3. Nc3 Bg7 4. g3 O-O 5. Bg2 d6 6. Nf3 c6 7. O-O Qb6 8. b3 e5 
9. Ba3 e4 10. Ne1 Qa5 11. Nc2 Bf5 12. Bxd6 Qxc3 13. Bb4 Qb2 14. Ba3 Qc3 
15. Bb4 Qb2 16. Ba3 Qc3 17. Bb4 Qb2 
1/2-1/2

[Event "34th Chess Olympiad (men)"]
[Site "Istanbul"]
[Date "2000.11.10"]
[Round "13.18.2"]
[White "Morovic, Fernandez Ivan"]
[Black "Galego, Luis"]
[WhiteElo "2608"]
[BlackElo "2419"]
[WhiteCountry "CRO"]
[BlackCountry "POR"]
[Result "1/2-1/2"]

1. e4 d5 2. exd5 Nf6 3. Bb5+ Nbd7 4. Nc3 a6 5. Be2 Nb6 6. Bf3 Nbxd5 
7. Nxd5 Nxd5 8. Ne2 e5 9. d4 Nf6 10. Bg5 exd4 11. Qxd4 Qxd4 12. Nxd4 Bd6 
13. O-O-O Ng4 14. Rhe1+ Kf8 15. h3 Ne5 16. Be4 f6 17. Bh4 Rb8 18. Bg3 g6 
19. Nf3 Nf7 20. Bd5 Bxg3 21. fxg3 Nd6 22. Nd4 Bd7 23. c4 b6 24. b4 Nf7 
25. Ne6+ Bxe6 26. Rxe6 Ne5 27. Kc2 Re8 28. Rxf6+ Kg7 29. Rf4 h5 30. c5 Re7 
31. Re1 Rd8 32. Bb3 a5 33. Rfe4 Kf6 34. Rf4+ Kg7 35. Rfe4 Kf6 36. bxa5 bxa5 
37. Rf4+ Kg7 38. Rfe4 Kf6 39. Ra4 Nd3 40. Rxe7 Kxe7 41. Rxa5 Ne1+ 42. Kc1 Nd3+ 
43. Kc2 Ne1+ 44. Kb1 Rd2 45. Ra4 Nxg2 46. Re4+ Kf6 47. Bc4 Kf5 48. Re7 h4 
49. gxh4 Rd4 50. Bb3 Rxh4 51. c6 Nf4 52. Rxc7 Rxh3 53. Rf7+ Ke5 54. Kc2 Nd5 
55. Kb2 Kd6 56. Rg7 Kxc6 57. Rxg6+ Kc5 58. a4 Nc7 59. Ka3 Rh5 60. Rg7 Kb6 
61. Rg8 Na6 62. Rg3 Ka5 
1/2-1/2

[Event "34th Chess Olympiad (men)"]
[Site "Istanbul"]
[Date "2000.11.10"]
[Round "13.18.3"]
[White "Rocha, Sergio"]
[Black "Cvitan, Ognjen"]
[WhiteElo "2374"]
[BlackElo "2541"]
[WhiteCountry "POR"]
[BlackCountry "CRO"]
[Result "0-1"]

1. e4 c5 2. Nf3 e6 3. c3 Nf6 4. d3 Nc6 5. Be2 d6 6. O-O Be7 7. Re1 O-O 
8. a3 Bd7 9. Bf1 Ne5 10. d4 Nxf3+ 11. Qxf3 Bc6 12. Bd3 cxd4 13. cxd4 Qb6 
14. d5 exd5 15. exd5 Bxd5 16. Qh3 Be6 17. Qh4 Qa5 18. Nc3 Qh5 19. Qb4 b6 
20. Bf4 Rfd8 21. h3 Qc5 22. Qa4 a6 23. Rac1 b5 24. Qd1 Qb6 25. Qf3 Rac8 
26. Be3 Qb8 27. Bd4 d5 28. Rcd1 Qd6 29. Ne2 Nd7 30. Qh5 g6 31. Qh6 Bf6 
32. Bxf6 Nxf6 33. Nf4 Re8 34. Qg5 Kg7 35. h4 Bg4 36. Ne2 Bxe2 37. Bxe2 Rc2 
38. Bf3 h6 
0-1

[Event "34th Chess Olympiad (men)"]
[Site "Istanbul"]
[Date "2000.11.10"]
[Round "13.18.4"]
[White "Sulava, Nenad"]
[Black "Dias, Paulo"]
[WhiteElo "2549"]
[BlackElo "2302"]
[WhiteCountry "CRO"]
[BlackCountry "POR"]
[Result "0-1"]

1. Nf3 f5 2. g3 Nf6 3. Bg2 g6 4. b3 Bg7 5. Bb2 O-O 6. O-O d6 7. d4 Qe8 8. c4 h6 
9. Nbd2 g5 10. e3 Bd7 11. Qc2 Qg6 12. Ne1 c6 13. b4 a5 14. b5 a4 15. c5 d5 
16. b6 Ne4 17. Nxe4 fxe4 18. f3 Bf5 19. g4 exf3 20. gxf5 fxg2 21. Nxg2 Qf7 
22. e4 dxe4 23. f6 Bxf6 24. Ne3 Qe6 25. Rae1 Bg7 26. Rxf8+ Kxf8 27. Nf5 Bf6 
28. Nxh6 Qxa2 29. Rf1 a3 30. Qxe4 axb2 31. Qh7 Ke8 32. Qg6+ Kd7 33. Qf5+ Qe6 
0-1

[Event "34th Chess Olympiad (men)"]
[Site "Istanbul"]
[Date "2000.11.10"]
[Round "13.19.3"]
[White "Hoffman, Alejandro"]
[Black "Villamayor, Bong"]
[WhiteElo "2491"]
[BlackElo "2495"]
[WhiteCountry "ARG"]
[BlackCountry "PHI"]
[Result "0-1"]

1. Nf3 Nf6 2. g3 d5 3. Bg2 c6 4. O-O Bf5 5. d3 e6 6. Nfd2 e5 7. e4 dxe4 
8. dxe4 Bg4 9. Qe1 Nbd7 10. h3 Bh5 11. a4 Be7 12. Nc4 O-O 13. b3 Qc7 
14. Bb2 Rfe8 15. Nbd2 b5 16. Ne3 a6 17. Nf5 Bf8 18. Kh1 Nc5 19. Qe3 Rad8 
20. Bc3 Qb8 21. axb5 axb5 22. g4 Bg6 23. Rfd1 Bxf5 24. gxf5 Ncd7 25. Ba5 Bc5 
26. Qe2 Rc8 27. b4 Bf8 28. Bf1 Nb6 29. c4 Na4 30. Rdc1 Qd6 31. Nf3 g6 
32. fxg6 hxg6 33. Ra3 Qe6 34. Ng5 Qe7 35. cxb5 cxb5 36. Rxc8 Rxc8 37. Qxb5 Nc3 
38. Qd3 Nh5 39. Nf3 Nf4 40. Qc2 Qa7 41. Rxc3 Rxc3 42. Qxc3 Qxf2 43. Nh2 Nh5 
0-1

[Event "34th Chess Olympiad (men)"]
[Site "Istanbul"]
[Date "2000.11.10"]
[Round "13.19.4"]
[White "Datu, Idelfonso"]
[Black "Soppe, Guillermo"]
[WhiteElo "2345"]
[BlackElo "2471"]
[WhiteCountry "PHI"]
[BlackCountry "ARG"]
[Result "1/2-1/2"]

1. c4 e6 2. g3 d5 3. Bg2 c6 4. Qc2 dxc4 5. Qxc4 Nf6 6. Nf3 b5 7. Qc2 Bb7 
8. O-O Nbd7 9. a4 a6 10. d4 c5 11. axb5 Be4 12. Qd1 axb5 13. Rxa8 Qxa8 
14. Nc3 Bc6 15. dxc5 b4 16. Nb1 Bxc5 17. Nbd2 O-O 18. Ne1 Bxg2 19. Nxg2 Rc8 
20. Nb3 Be7 21. Nf4 Ne5 22. Nd2 Qc6 23. Nf3 Nxf3+ 24. exf3 Qc2 25. Qxc2 Rxc2 
26. Rd1 Kf8 27. Nd3 Ke8 28. Kf1 Nd5 29. Bd2 Bf6 30. Bxb4 
1/2-1/2

[Event "34th Chess Olympiad (men)"]
[Site "Istanbul"]
[Date "2000.11.10"]
[Round "13.21.1"]
[White "Mitkov, Nikola"]
[Black "Alvarez, Johan"]
[WhiteElo "2532"]
[BlackElo "2317"]
[WhiteCountry "FRM"]
[BlackCountry "VEN"]
[Result "1-0"]

1. e4 c5 2. Nc3 d6 3. f4 Nc6 4. Nf3 g6 5. Bc4 Bg7 6. O-O Nf6 7. d3 O-O 
8. Qe1 a6 9. f5 Na5 10. fxg6 hxg6 11. Bb3 Nxb3 12. axb3 Nh7 13. Qh4 e6 
14. Bg5 f6 15. Bd2 f5 16. Qg3 e5 17. Nd5 f4 18. Qxg6 b6 19. Be1 Rf7 20. Bh4 Qf8 
21. Nxb6 Raa7 22. Nxc8 Raa7 23. Nxb6 
1-0

[Event "34th Chess Olympiad (men)"]
[Site "Istanbul"]
[Date "2000.11.10"]
[Round "13.21.3"]
[White "Jacimovic, Dragoljub"]
[Black "Gallegos, Carlos"]
[WhiteElo "2465"]
[BlackElo "2000"]
[WhiteCountry "FRM"]
[BlackCountry "VEN"]
[Result "1-0"]

1. d4 Nf6 2. c4 e6 3. Nc3 Bb4 4. Qc2 O-O 5. Nf3 b6 6. e4 d5 7. e5 Ne4 8. Bd3 f5 
9. exf6 Nxf6 10. Bg5 h6 11. Bh7+ Kh8 12. h4 Nc6 13. O-O-O Bxc3 14. bxc3 Qd6 
15. Bg6 Qa3+ 16. Kb1 Ne4 17. Bxe4 dxe4 18. Bc1 Qa5 19. Qxe4 Qf5 20. Qxf5 Rxf5 
21. Rhe1 Na5 22. d5 exd5 23. cxd5 Bb7 24. Re7 Bxd5 25. Rxc7 Re8 26. Be3 Nc4 
27. Rxd5 Nxe3 28. Rxf5 Nxf5 29. Rxa7 Re2 30. Rf7 Nd6 31. Rf8+ Kh7 32. Nd4 Rd2 
33. Nb3 Re2 34. Nc1 Re1 35. Kc2 Nb5 36. a4 Na3+ 37. Kb3 Nb1 38. Nd3 Rh1 
39. g3 Nd2+ 40. Kc2 Nc4 41. Rf4 b5 42. Nb2 
1-0

[Event "34th Chess Olympiad (men)"]
[Site "Istanbul"]
[Date "2000.11.10"]
[Round "13.21.4"]
[White "Blanco, Cristobal J"]
[Black "Bogdanovski, Vlatko"]
[WhiteElo "2185"]
[BlackElo "2435"]
[WhiteCountry "VEN"]
[BlackCountry "FRM"]
[Result "0-1"]

1. e4 d6 2. d4 g6 3. g3 Bg7 4. Bg2 Nf6 5. Ne2 O-O 6. h3 e5 7. O-O Nbd7 
8. Nbc3 a6 9. a4 exd4 10. Nxd4 Re8 11. Re1 Rb8 12. f4 Nc5 13. b4 Ncxe4 
14. Nxe4 Nxe4 15. Rxe4 Rxe4 16. Bxe4 c5 17. Nb3 Bxa1 18. Nxa1 Bxh3 19. Nb3 Qe7 
20. Bf3 Re8 21. Kh2 Bf5 22. a5 Be4 23. bxc5 Bxf3 24. Qxf3 dxc5 25. Qf2 Qe2 
26. Kg2 Qe4+ 27. Kh2 Qe1 28. Qxe1 Rxe1 29. Ba3 Re2+ 30. Kh3 Rxc2 31. Nxc5 Ra2 
32. Bb4 Rb2 33. Be1 f5 34. Nd7 Kf7 35. Bc3 Rb3 36. Bd4 Ke7 37. Ne5 Ke6 
38. Kh4 Rb1 39. Kg5 Rh1 40. g4 fxg4 41. Kxg4 Rb1 42. Nf3 Rb4 43. Be5 h6 
44. Bc3 Rc4 45. Bd2 g5 46. Kg3 gxf4+ 47. Bxf4 h5 48. Be3 Kd5 49. Bb6 Rb4 
50. Bf2 Rb5 51. Be1 b6 52. axb6 Rxb6 53. Kh4 Rf6 54. Kg3 Rf5 55. Bd2 Ke4 
56. Ng5+ Kd3 57. Bc1 a5 58. Ne6 a4 59. Kh4 Re5 60. Nf4+ Kc2 61. Ba3 Re4 
62. Kg5 h4 63. Bd6 Rd4 64. Be5 Rb4 65. Kxh4 a3 66. Bd6 a2 67. Bxb4 a1=Q 
68. Kg3 Qd4 69. Bf8 Qc3+ 70. Kg2 Qf6 
0-1

[Event "34th Chess Olympiad (men)"]
[Site "Istanbul"]
[Date "2000.11.10"]
[Round "13.23.3"]
[White "Michel, Yunis Christian D"]
[Black "Sakalauskas, Vaidas"]
[WhiteElo "2380"]
[BlackElo "2420"]
[WhiteCountry "CHI"]
[BlackCountry "LTU"]
[Result "1/2-1/2"]

1. d4 Nf6 2. Nf3 g6 3. c4 Bg7 4. Nc3 d5 5. Bg5 dxc4 6. e3 Be6 7. Nd2 c5 
8. dxc5 Nd5 9. Bxc4 Nxc3 10. bxc3 Bxc4 11. Qa4+ Nc6 12. Qxc4 O-O 13. Nb3 Ne5 
14. Qe4 f5 15. Qc2 Rc8 16. O-O h6 17. Rfd1 Qe8 18. Bf4 Nd7 19. f3 e5 
20. Bg3 Nxc5 21. Nxc5 Rxc5 22. e4 Qc6 23. Rac1 fxe4 24. Qxe4 Qxe4 25. fxe4 Rfc8 
26. Rd7 R8c7 27. Rxc7 Rxc7 28. c4 b6 29. Kf1 Kf7 30. Ke2 Ke6 31. Bf2 Bf8 
32. Be3 h5 33. Kd3 Rd7+ 34. Ke2 Bc5 35. Bxc5 bxc5 36. Rc3 Rd4 37. Ke3 Kf6 
38. h4 g5 39. hxg5+ Kxg5 40. Kf3 Rd2 41. Ra3 Rc2 42. g3 a5 43. Rxa5 Rc3+ 
44. Ke2 Rxg3 45. Rxc5 Kf4 46. Rc8 Kxe4 47. c5 Rg2+ 48. Kd1 Ke3 49. Rh8 Rd2+ 
50. Kc1 Rd5 51. Rxh5 Rxc5+ 52. Kd1 Ra5 53. Ke1 Kd4 54. Rh3 Rxa2 55. Rg3 e4 
56. Rh3 Ra1+ 57. Ke2 Ra2+ 58. Ke1 Rg2 59. Ra3 Rc2 60. Rb3 Rc4 61. Ke2 Ra4 
62. Ke1 e3 63. Rb8 Ke5 
1/2-1/2

[Event "34th Chess Olympiad (men)"]
[Site "Istanbul"]
[Date "2000.11.10"]
[Round "13.23.4"]
[White "Slapikas, Vytautas"]
[Black "Salas, Cristian"]
[WhiteElo "2430"]
[BlackElo "2300"]
[WhiteCountry "LTU"]
[BlackCountry "CHI"]
[Result "1/2-1/2"]

1. e4 e5 2. Nf3 Nc6 3. Nc3 Nf6 4. g3 Bc5 5. Bg2 d6 6. d3 a6 7. Be3 Bxe3 
8. fxe3 Be6 9. Qd2 h6 10. O-O Qd7 11. a4 O-O 12. a5 Ne7 13. Nh4 c6 14. Na4 Rad8 
15. Nb6 Qc7 16. Rxf6 gxf6 17. Rf1 Ng6 18. Nf5 Bxf5 19. Rxf5 Kg7 20. Qe2 Qe7 
21. c4 Rg8 22. Bh3 Nf8 23. Rh5 Ng6 24. Qf3 Rh8 25. Rf5 Nf8 26. Qg4+ Ng6 
27. Qh5 Nf8 28. Rf2 Ne6 29. Bg4 Kf8 30. Qf5 h5 31. Be2 h4 32. gxh4 Rxh4 
33. Rg2 Ng5 34. Bg4 Qe6 35. Rg3 Qxf5 36. Bxf5 Ne6 37. b4 Ke7 38. h3 Rhh8 
39. Kh2 Nc7 40. Rg4 Na8 41. Na4 Rb8 42. c5 d5 43. exd5 cxd5 44. Rg2 Nc7 
45. Nb6 Rhd8 46. e4 dxe4 47. dxe4 Rd4 48. Rb2 Rbd8 49. Nc8+ Kf8 50. Nd6 Ne8 
51. Nxb7 Rd2+ 52. Rxd2 Rxd2+ 53. Kg3 Rb2 54. c6 Rxb4 55. Kf3 Rc4 56. Bd7 Nc7 
57. Nd6 Rc5 58. Nb7 Rc3+ 59. Kg4 Re3 60. Bf5 Rc3 61. Bd7 Ke7 62. h4 Rc4 
63. Kf3 Nb5 64. h5 Nd4+ 65. Kg3 Nxc6 66. h6 Kf8 67. Nd6 Rc3+ 68. Kg4 Ne7 
69. Ne8 Rd3 70. Nxf6 Ng8 71. Nxg8 Kxg8 72. Bc8 Rd6 73. Kf5 Rxh6 74. Kxe5 Kf8 
75. Kd5 Ke7 76. Kc5 Kd8 77. Bb7 Kc7 78. Bd5 Rh5 79. Kb4 f5 80. exf5 Rxf5 
81. Bc4 Rf6 82. Kc5 Rh6 83. Kb4 Rf6 
1/2-1/2

[Event "34th Chess Olympiad (men)"]
[Site "Istanbul"]
[Date "2000.11.10"]
[Round "13.24.1"]
[White "Johannessen, Leif Erlend"]
[Black "Rogers, Ian"]
[WhiteElo "2422"]
[BlackElo "2558"]
[WhiteCountry "NOR"]
[BlackCountry "AUS"]
[Result "1-0"]

1. d4 Nf6 2. c4 g6 3. Nc3 Bg7 4. e4 d6 5. Nf3 O-O 6. Be2 Bg4 7. Be3 Nfd7 
8. Rc1 a6 9. b4 a5 10. b5 e5 11. dxe5 Bxf3 12. Bxf3 dxe5 13. O-O c6 14. Na4 Qe7 
15. Qb3 c5 16. Rfd1 b6 17. Rd3 Ra7 18. Rcd1 Rb7 19. Rd6 Rc8 20. Bg4 Rcc7 
21. Nc3 Ra7 22. g3 Bf8 23. R6d3 Rcb7 24. h4 f6 25. h5 Qf7 26. hxg6 hxg6 
27. Bc1 Be7 28. Kg2 Nf8 29. Nd5 f5 30. exf5 gxf5 31. Rf3 Ne6 32. Rxf5 Qg7 
33. Qf3 Bd8 34. Nf6+ Bxf6 35. Rxf6 Nd4 36. Rxd4 cxd4 37. Bh6 e4 38. Qf4 
1-0

[Event "34th Chess Olympiad (men)"]
[Site "Istanbul"]
[Date "2000.11.10"]
[Round "13.24.2"]
[White "Johansen, Darryl K"]
[Black "Elsness, Frode"]
[WhiteElo "2505"]
[BlackElo "2383"]
[WhiteCountry "AUS"]
[BlackCountry "NOR"]
[Result "1-0"]

1. Nf3 Nf6 2. c4 g6 3. Nc3 d5 4. cxd5 Nxd5 5. Qa4+ Bd7 6. Qh4 Nxc3 7. dxc3 Nc6 
8. e4 e5 9. Bg5 Be7 10. Bc4 h5 11. h3 f6 12. Be3 g5 13. Qg3 h4 14. Qh2 Bd6 
15. Nd2 Qe7 16. f3 Nd4 17. O-O-O b5 18. Bd3 Ne6 19. Qg1 c5 20. Bc2 a5 
21. Nf1 Nf4 22. Rd2 Be6 23. Nh2 Bxa2 24. Qd1 Bc7 25. Bxf4 exf4 26. Bb3 Bxb3 
27. Qxb3 Rb8 28. Qd5 Rd8 29. Qc6+ Kf7 30. Rhd1 Rxd2 31. Rxd2 Rd8 32. Qxb5 Rxd2 
33. Kxd2 Qd6+ 34. Kc2 Ke7 35. Ng4 Bd8 36. Nh6 Qc7 37. Qc4 Kd7 38. Qd5+ Kc8 
39. Nf5 Kb8 40. Nd6 Qb6 41. Nc4 Qc7 42. Kb3 Ka7 43. Ka4 Kb8 44. Kb5 Qe7 
45. Qc6 Qf7 46. Nd6 Qc7 47. Qxc5 Qxc5+ 48. Kxc5 Kc7 49. Nc4 
1-0

[Event "34th Chess Olympiad (men)"]
[Site "Istanbul"]
[Date "2000.11.10"]
[Round "13.24.3"]
[White "Trygstad, Kristian"]
[Black "Wohl, Aleksandar H"]
[WhiteElo "2248"]
[BlackElo "2461"]
[WhiteCountry "NOR"]
[BlackCountry "AUS"]
[Result "0-1"]

1. e4 Nf6 2. e5 Nd5 3. c4 Nb6 4. d4 d6 5. exd6 exd6 6. Nc3 Nc6 7. b3 Be7 
8. h3 Bf5 9. Be3 O-O 10. Nf3 d5 11. c5 Nc8 12. Be2 b6 13. O-O Bf6 14. cxb6 axb6 
15. Nh2 Nb4 16. Bf3 c6 17. Ng4 Nc2 18. Rc1 Nxe3 19. Nxe3 Nd6 20. a4 Re8 
21. Na2 Rc8 22. Nb4 Bd7 23. Bg4 Re4 24. Bxd7 Qxd7 25. Nbc2 Bg5 26. Rb1 Rce8 
27. Ng4 f6 28. Nh2 Bh6 29. Re1 Rxe1+ 30. Nxe1 Ne4 31. Qd3 Bf4 32. Nef3 Qd6 
33. Ng4 h5 34. Ngh2 Bxh2+ 35. Nxh2 Nxf2 36. Qf3 Ne4 37. Qxh5 Re7 38. Re1 Qg3 
39. Nf3 Qf2+ 40. Kh2 Ng3 41. Qg4 Rxe1 42. Qc8+ Kh7 43. Nxe1 Qxe1 
0-1

[Event "34th Chess Olympiad (men)"]
[Site "Istanbul"]
[Date "2000.11.10"]
[Round "13.24.4"]
[White "Zhao, Zong"]
[Black "Gabrielsen, Stig"]
[WhiteElo "2341"]
[BlackElo "2305"]
[WhiteCountry "AUS"]
[BlackCountry "NOR"]
[Result "1-0"]

1. e4 c5 2. Nf3 Nc6 3. d4 cxd4 4. Nxd4 Nf6 5. Nc3 d6 6. Bc4 Qb6 7. Nb3 e6 
8. Bf4 Ne5 9. Be2 Be7 10. Qd2 O-O 11. O-O-O a6 12. Rhg1 Qc7 13. g4 b5 
14. g5 Nfd7 15. Be3 Nc4 16. Bxc4 Qxc4 17. Qe1 Re8 18. f4 Bf8 19. Qh4 a5 
20. Rg3 g6 21. Rh3 h5 22. gxh6 b4 23. Nd2 Qa6 24. Bd4 e5 25. Nd5 Qc6 
26. Nf3 exd4 27. Ng5 Ne5 28. fxe5 Be6 29. Nxf7 Bxf7 30. Qf6 
1-0

[Event "34th Chess Olympiad (men)"]
[Site "Istanbul"]
[Date "2000.11.10"]
[Round "13.25.2"]
[White "Sharavdorj, Dashzeveg"]
[Black "Nguyen, Anh"]
[WhiteElo "2448"]
[BlackElo "2487"]
[WhiteCountry "MGL"]
[BlackCountry "VIE"]
[Result "1-0"]

1. Nf3 d5 2. d4 Nf6 3. c4 dxc4 4. Nc3 a6 5. e4 b5 6. e5 Nd5 7. a4 Nxc3 
8. bxc3 Bb7 9. e6 f6 10. Be2 Qd5 11. O-O Qxe6 12. Re1 Nd7 13. Ng5 Qb6 
14. Ne6 Kf7 15. Bg4 h5 16. a5 Qa7 17. Bxh5+ g6 18. Bxg6+ Kxg6 19. Qg4+ Kf7 
20. Nf4 Rh6 21. Qxd7 Qb8 22. Qe6+ Ke8 23. Nd5 Bxd5 24. Qxd5 Rh7 25. Qc6+ Kf7 
26. Ba3 Qe8 27. Qe6+ Kg7 28. Re3 Kh8 29. Rae1 Qf7 30. Qc6 Re8 31. Qxa6 Rh5 
32. Qc6 e5 33. Bxf8 Rxf8 34. dxe5 Qh7 35. h3 fxe5 36. a6 Qc2 37. Rf3 Rhf5 
38. Qh6+ Kg8 39. Rg3+ Kf7 40. Rg7+ 
1-0

[Event "34th Chess Olympiad (men)"]
[Site "Istanbul"]
[Date "2000.11.10"]
[Round "13.25.3"]
[White "Tu Hoang, Thong"]
[Black "Erhembayar, Duurenbayar"]
[WhiteElo "2514"]
[BlackElo "2301"]
[WhiteCountry "VIE"]
[BlackCountry "MGL"]
[Result "1-0"]

1. Nf3 c5 2. c4 Nf6 3. d4 cxd4 4. Nxd4 e5 5. Nc2 b5 6. Nc3 bxc4 7. e4 Bb7 
8. Bg5 Bc5 9. Bxc4 Qb6 10. Qe2 O-O 11. O-O Be7 12. Ne3 Nc6 13. Ncd5 Nxd5 
14. Nxd5 Qd8 15. Nxe7+ Nxe7 16. Rfd1 h6 17. Bh4 g5 18. Bg3 Nc6 19. Rd6 Kg7 
20. Qh5 f6 21. Rad1 Nb8 22. Bxe5 Bxe4 23. Rxf6 
1-0

[Event "34th Chess Olympiad (men)"]
[Site "Istanbul"]
[Date "2000.11.10"]
[Round "13.25.4"]
[White "Byambaa, Zulzaga"]
[Black "Tu Hoang, Thai"]
[WhiteElo "2273"]
[BlackElo "2335"]
[WhiteCountry "MGL"]
[BlackCountry "VIE"]
[Result "1/2-1/2"]

1. e4 c5 2. Nf3 a6 3. c4 d6 4. d4 Bg4 5. d5 e5 6. h3 Bd7 7. Nc3 g6 8. Bg5 f6 
9. Bd2 Bg7 10. Be2 Nh6 11. h4 Bg4 12. Nh2 Bxe2 13. Qxe2 Nf7 14. h5 f5 
15. O-O-O Nd7 16. exf5 gxf5 17. h6 Bxh6 18. Bxh6 Nxh6 19. Qh5+ Nf7 
20. Qxf5 Qg5+ 21. Qxg5 Nxg5 22. Ng4 h5 23. Rh4 Kf7 24. Ne3 Kg6 25. f3 Raf8 
26. Rdh1 Rh7 27. Nf1 Nf6 28. Ng3 Rfh8 29. a3 Rb8 30. a4 b6 31. Nge2 Nf7 
32. Ng3 Ng5 33. Rf1 Rf7 34. Nge2 Rbf8 35. f4 Nfe4 36. g3 Rf5 37. Nxe4 Nxe4 
38. Rg1 Nf6 39. b3 Ng4 40. Kd2 R5f7 41. Ra1 a5 42. Rf1 Rf5 43. Rhh1 R8f7 
44. Rh4 Rf8 45. Rhh1 R8f7 46. Rh4 
1/2-1/2

[Event "34th Chess Olympiad (men)"]
[Site "Istanbul"]
[Date "2000.11.10"]
[Round "13.26.1"]
[White "Clavijo, Jorge"]
[Black "Salmensuu, Olli"]
[WhiteElo "2414"]
[BlackElo "2458"]
[WhiteCountry "COL"]
[BlackCountry "FIN"]
[Result "0-1"]

1. d4 Nf6 2. c4 c5 3. d5 b5 4. cxb5 a6 5. e3 g6 6. Nc3 Bg7 7. a4 O-O 8. Nf3 d6 
9. Ra3 Nbd7 10. e4 Ne8 11. Bg5 Nc7 12. Qd2 Re8 13. Be2 axb5 14. Nxb5 Nxb5 
15. Bxb5 Ba6 16. Bxa6 Rxa6 17. O-O Rb6 18. b3 Qb8 19. Qc2 Qb7 20. Nd2 h6 
21. Bf4 Rb8 22. h4 Rb4 23. Re1 Nf6 24. Bg3 Rd4 25. Nc4 Qb4 26. Re3 Ng4 
27. Ra2 Rxc4 
0-1

[Event "34th Chess Olympiad (men)"]
[Site "Istanbul"]
[Date "2000.11.10"]
[Round "13.26.3"]
[White "Mosquera, Miguel"]
[Black "Kallio, Heikki"]
[WhiteElo "2333"]
[BlackElo "2451"]
[WhiteCountry "COL"]
[BlackCountry "FIN"]
[Result "0-1"]

1. e4 e6 2. d4 d5 3. Nd2 Nf6 4. e5 Nfd7 5. c3 c5 6. Bd3 Nc6 7. Ne2 cxd4 
8. cxd4 f6 9. exf6 Qxf6 10. Nf3 h6 11. O-O Bd6 12. Ng3 O-O 13. Bc2 Rd8 
14. Qd3 Nf8 15. a3 Bd7 16. Bd2 Be8 17. Bb3 Bg6 18. Qe3 Kh8 19. Bc3 Bf4 
20. Qe2 Nd7 21. Rfe1 Re8 22. Bc2 Bxc2 23. Qxc2 Qf7 24. Re2 Rac8 25. Qd3 Bb8 
26. Rae1 Nf8 27. Nf1 Ng6 28. g3 a6 29. h4 Kg8 30. N1h2 Nf8 31. Ng4 Nd7 
32. Kg2 Nf6 33. Nxf6+ Qxf6 34. h5 Rc7 35. Ne5 Nxe5 36. Rxe5 Rf7 37. R5e2 Qg5 
38. Rxe6 Ref8 39. R1e2 Qxh5 40. Bb4 Rf3 41. R6e3 Bxg3 42. Bxf8 Bf4 
0-1

[Event "34th Chess Olympiad (men)"]
[Site "Istanbul"]
[Date "2000.11.10"]
[Round "13.26.4"]
[White "Holmsten, Aleksei"]
[Black "Uribe, Mauricio"]
[WhiteElo "2383"]
[BlackElo "2293"]
[WhiteCountry "FIN"]
[BlackCountry "COL"]
[Result "1-0"]

1. Nf3 Nf6 2. g3 d5 3. Bg2 e6 4. O-O Be7 5. d4 O-O 6. c4 c6 7. b3 b6 8. Bb2 Bb7 
9. Nc3 Nbd7 10. Ne5 c5 11. Nxd7 Qxd7 12. cxd5 exd5 13. Ba3 Rac8 14. dxc5 bxc5 
15. e3 Rfd8 16. Re1 Bf8 17. Ne2 d4 18. Bxb7 Qxb7 19. exd4 cxd4 20. Bxf8 Kxf8 
21. Qd3 Ne4 22. h4 Re8 23. Nxd4 Rc3 24. Qb5 Qc7 25. Qb4+ Kg8 26. Nf5 Qe5 
27. Rxe4 Qxe4 28. Nh6+ gxh6 29. Qxc3 Qe2 30. Qc6 Kg7 31. Rc1 Rd8 32. Qc3+ Kg8 
33. Kg2 Qxa2 34. Qf6 Qd2 35. Rc7 Qd5+ 36. Kh2 a5 37. Rxf7 Qxf7 38. Qxd8+ Kg7 
39. Qd4+ Kg8 40. Qe3 Qd5 41. Kg1 Kg7 42. Kf1 Qb5+ 43. Kg2 Qd5+ 44. Qf3 Qd2 
45. Qg4+ Kh8 46. Qc8+ Kg7 47. Qc7+ Kg8 48. Qb7 Qc3 49. Qd5+ Kg7 50. Kf1 Qc1+ 
51. Ke2 Qc2+ 52. Ke3 Qc3+ 53. Kf4 Qc1+ 54. Kf3 Qc3+ 55. Kg2 Qe1 56. Qd4+ Kg8 
57. Qe3 Qb4 58. Qxh6 Qb7+ 59. Kh2 Qxb3 60. Qg5+ Kf7 61. Qxa5 Qf3 62. Qc7+ Ke6 
63. Qf4 Qh5 64. f3 Qc5 65. Qh6+ Kf7 66. Qxh7+ Kf8 67. Qh6+ Kf7 68. Qf4+ Ke8 
69. Kh3 
1-0

[Event "34th Chess Olympiad (men)"]
[Site "Istanbul"]
[Date "2000.11.10"]
[Round "13.27.2"]
[White "Chumfwa, Stanley"]
[Black "Hracek, Zbynek"]
[WhiteElo "2200"]
[BlackElo "2612"]
[WhiteCountry "ZAM"]
[BlackCountry "CZE"]
[Result "0-1"]

1. Nf3 c5 2. c4 g6 3. g3 Bg7 4. Bg2 Nc6 5. Nc3 d6 6. d3 Nh6 7. O-O Nf5 
8. Bd2 O-O 9. Rb1 Rb8 10. a3 a6 11. b4 cxb4 12. axb4 b5 13. cxb5 axb5 14. e3 e6 
15. d4 d5 16. Ne1 h5 17. Nd3 Nd6 18. Qe2 Nc4 19. Be1 Re8 20. Kh1 e5 
21. dxe5 N6xe5 22. Nxe5 Rxe5 23. Qd1 Bg4 24. Qb3 Qd7 25. e4 dxe4 26. Nxe4 Bh3 
27. Qf3 Bxg2+ 28. Kxg2 Qd5 29. Nc3 Qxf3+ 
0-1

[Event "34th Chess Olympiad (men)"]
[Site "Istanbul"]
[Date "2000.11.10"]
[Round "13.27.3"]
[White "Babula, Vlastimil"]
[Black "Phiri, Payani"]
[WhiteElo "2582"]
[BlackElo "2114"]
[WhiteCountry "CZE"]
[BlackCountry "ZAM"]
[Result "1-0"]

1. d4 Nf6 2. c4 e6 3. Nc3 Bb4 4. e3 O-O 5. Bd3 d6 6. Nge2 c5 7. O-O Nc6 
8. a3 Bxc3 9. Nxc3 e5 10. dxc5 dxc5 11. Qc2 h6 12. Rd1 Qa5 13. Bd2 Qc7 
14. Nd5 Nxd5 15. cxd5 Ne7 16. e4 f5 17. Be3 Kh8 18. Bxc5 fxe4 19. Bxe4 Bf5 
20. Bxe7 Qxc2 21. Bxc2 Bxc2 22. Bxf8 Bxd1 23. Bxg7+ Kxg7 24. Rxd1 Kf7 
25. d6 Ke6 26. d7 Rd8 27. g4 
1-0